| 000 | 00974pam a2200253 a 4500 | ||
|---|---|---|---|
| 999 |
_c5047 _d5047 |
||
| 003 | OSt | ||
| 005 | 20220403172301.0 | ||
| 008 | 950928s1996 njua b 001 0 eng | ||
| 020 | _a0131241575 | ||
| 040 | _cDLC | ||
| 050 | 0 | 0 |
_aLB1576 _b.B856 1996 |
| 100 | 1 | _aBrown, James Dean. | |
| 245 | 1 | 0 |
_aTesting in language programs / _cJames Dean Brown. |
| 260 |
_aUpper Saddle River, N.J. : _bPrentice Hall Regents, _cc1996. |
||
| 300 |
_avii, 324 p. : _bill. ; _c24 cm. |
||
| 504 | _aIncludes bibliographical references (p. 311-318) and index. | ||
| 650 | 0 |
_aLanguage arts _xAbility testing. |
|
| 650 | 0 |
_aExaminations _xDesign and construction. |
|
| 650 | 0 |
_aExaminations _xValidity. |
|
| 856 | _uhttp://172.30.46.200/cgi-bin/koha/opac-retrieve-file.pl?id=3ecc69a6fa2912db49b6af68a36afe00 | ||
| 906 |
_a7 _bcbc _corignew _d1 _eocip _f19 _gy-gencatlg |
||
| 942 |
_2lcc _cEB _nMW |
||